Ženy v poľnohospodárstve a na vidieku patria k najzraniteľnejším sociálnym skupinám

Počet žien pracujúcich v agrárnom sektore Slovenska. Zhoršenie postavenia žien na trhu práce. Ženy sa na trhu práce prejavujú ako zraniteľnejšia sociálna skupina. Prevažujú v štruktúre dlhodobo nezamestnaných, majú zhruba o 20 perc. nižšie platy ako muži, málo sú zastúpené na manažérskych postoch. R...

ver descrição completa

Na minha lista:
Detalhes bibliográficos
Autor principal: Buchta, Stanislav
Formato: Capítulo de Livro
Idioma:eslovaco
Assuntos:
Tags: Adicionar Tag
Sem tags, seja o primeiro a adicionar uma tag!

MARC

LEADER 00000naa a2200000 4500
001 r031685
005 20230921084205.1
041 0 |a slo 
044 |a SK 
245 1 0 |a Ženy v poľnohospodárstve a na vidieku patria k najzraniteľnejším sociálnym skupinám  |c Stanislav Buchta 
520 |a Počet žien pracujúcich v agrárnom sektore Slovenska. Zhoršenie postavenia žien na trhu práce. Ženy sa na trhu práce prejavujú ako zraniteľnejšia sociálna skupina. Prevažujú v štruktúre dlhodobo nezamestnaných, majú zhruba o 20 perc. nižšie platy ako muži, málo sú zastúpené na manažérskych postoch. Relatívne značný počet súkromných roľníčok na vidieku. Problém chudoby starých žien. Rodinné hodnoty kontra materiálne. 
610 2 0 |a poľnohospodárstvo 
610 2 0 |a ženy 
610 2 0 |a vidiek 
610 2 0 |a nezamestnanosť 
610 2 0 |a platy 
610 2 0 |a chudoba 
610 2 0 |a rodina 
610 2 0 |a zaťaženie pracovné 
610 2 0 |a Slovensko 
610 2 0 |a práca žien 
100 1 |a Buchta, Stanislav